| 000 | 00406nam a2200145 a 4500 | ||
|---|---|---|---|
| 001 | 1254 | ||
| 003 | CDMR | ||
| 005 | 20130116135207.0 | ||
| 008 | 130130s1993||||||||||||||||||||||||||||d | ||
| 040 |
_aCDMR _bcat _cCPC GIRONA |
||
| 100 | 1 |
_aRasico, Philip D. _9975 |
|
| 245 | 1 | 0 |
_aEstudis i documents de lingüística històrica catalana _cRasico, Philip D. |
| 260 |
_c1993 _bCurial Edicions Catalanes |
||
| 942 | _cMON | ||
| 999 |
_c1254 _d1254 |
||